A Text book of Automatic Control Systems Engineering (Record no. 877)

MARC details
000 -LEADER
fixed length control field 00376nam a2200145Ia 4500
008 - FIXED-LENGTH DATA ELEMENTS--GENERAL INFORMATION
fixed length control field 191201s2005 xx 000 0 und d
082 ## - DEWEY DECIMAL CLASSIFICATION NUMBER
Classification number 629.831
Item number JAT
100 ## - MAIN ENTRY--PERSONAL NAME
Personal name JAIN, N K
245 #2 - TITLE STATEMENT
Title A Text book of Automatic Control Systems Engineering
250 ## - EDITION STATEMENT
Edition statement 2nd
260 ## - PUBLICATION, DISTRIBUTION, ETC. (IMPRINT)
Place of publication, distribution, etc N.Delhi
Name of publisher, distributor, etc Dhanpat Rai Pub (P) Ltd
Date of publication, distribution, etc 2005
300 ## - PHYSICAL DESCRIPTION
Extent 1198
650 ## - SUBJECT ADDED ENTRY--TOPICAL TERM
Topical term or geographic name as entry element B.Tech(ECE)
942 ## - ADDED ENTRY ELEMENTS (KOHA)
Source of classification or shelving scheme Dewey Decimal Classification
Koha item type Text Books
Holdings
Withdrawn status Lost status Source of classification or shelving scheme Damaged status Not for loan Collection code Home library Current library Date acquired Source of acquisition Cost, normal purchase price Bill Number Total Checkouts Full call number Acc. no. / Barcode Date last seen Bill Date Koha item type Date last borrowed
    Dewey Decimal Classification     B.Tech(ECE) PIET C-LIBRARY PIET C-LIBRARY 17/08/2006 M/s UDH , Delhi 225.00 125415   629.831 JAT 446 04/12/2019 18/08/2005 Text Books  
    Dewey Decimal Classification     B.Tech(ECE) PIET C-LIBRARY PIET C-LIBRARY 17/08/2006 M/s UDH , Delhi 225.00 125415   629.831 JAT 447 04/12/2019 18/08/2005 Text Books  
    Dewey Decimal Classification     B.Tech(CSE) PIET C-LIBRARY PIET C-LIBRARY 17/08/2006 M/s UDH , Delhi 225.00 125415 1 629.831 JAT 448 24/11/2023 18/08/2005 Text Books 24/11/2023

Design & Developed by: PIET Central Library
R70 Miles Stone Pattikalyana Samalkha Panipat 132102
mail ID :- [email protected], Phone No:- 0180-2569700 Ex.216